Statistics for Emoji Flags that Don't Represent Countries

Click here to take the quiz!

General Stats

  • This quiz has been taken 312 times
  • The average score is 6 of 12

Answer Stats

Flag What it Represents % Correct
European Union
87%
Wales
86%
Jolly Roger
85%
Puerto Rico
67%
Rainbow (Pride)
64%
Isle of Man
56%
American Samoa
34%
Bermuda
26%
Christmas Island
21%
New Caledonia
21%
Guadeloupe
16%
Ascension Island
5%

Score Distribution

Percentile by Number Answered

Percent of People with Each Score

Your Score History

You have not taken this quiz